HYGIENICKÉ PROBLÉMY PRI POUŽÍVANÍ PESTICÍDNYCH LÁTOK

Bibliographic Details
Main Author: Mestitzová, Margita, narodená 1907 (Author)
Format: Article
Language:Slovak

MARC

LEADER 00000nab a2200000uu 4500
001 vtls011157740
003 SK-MaSNL
005 20260304032235.0
008 230121|1970 xo |||||||||||||||||slo|
015 |a SNBRB 
035 |a (urnnbn)urn:nbn:sk:snk:ar-a0akvf 
035 |a (uuid)904b908a-ebaf-40ba-9c6b-b96c31834a9f 
035 |a urn:nbn:sk:snk-abb5q5 
040 |a SNKBUCL  |b slo  |c SNKBUCL  |e AACR2 
041 0 |a slo 
044 |a xo  |c SK 
100 1 |a Mestitzová, Margita,  |d narodená 1907  |4 aut  |9 255711 
245 1 0 |a HYGIENICKÉ PROBLÉMY PRI POUŽÍVANÍ PESTICÍDNYCH LÁTOK  |c M. Mestitzová 
773 0 |t Bezpečná práca : dvojmesačník pre teóriu a prax bezpečnosti práce  |g Roč. 1, č. 3 (1970), s. 12-14 
954 |a odborná, vedecká literatúra pôvodná (slovenská)  |2 lita 
958 |a OND 
958 |a EUIPO 
958 |a article14 
999 |c 2641978  |d 2643908